| Tag |
First Indicator |
Second Indicator |
Subfields |
| LEADER |
00000pam a2200000 a 4500 |
| 001 |
in00000087049 |
| 005 |
20151008064713.0 |
| 008 |
810610s1982 mau b 00110 eng |
| 010 |
|
|
|a 81006395
|
| 020 |
|
|
|a 0805764887
|
| 035 |
|
|
|a (OCoLC)07575469
|
| 035 |
|
|
|9 AAK4654AM
|
| 039 |
0 |
|
|a 2
|b 3
|c 3
|d 3
|e 3
|
| 040 |
|
|
|a DLC
|c DLC
|d TXA
|d UtOrBLW
|
| 043 |
|
|
|a e-gr---
|
| 049 |
|
|
|a TXAM
|c [802111]
|
| 050 |
0 |
0 |
|a D56.52.H45
|b E9 1982
|
| 082 |
0 |
|
|a 938/.0072024
|a B
|2 19
|
| 100 |
1 |
|
|a Evans, J. A. S.
|q (James Allan Stewart),
|d 1931-
|
| 245 |
1 |
0 |
|a Herodotus /
|c by J.A.S. Evans.
|
| 264 |
|
1 |
|a Boston :
|b Twayne,
|c [1982]
|
| 264 |
|
4 |
|c ©1982
|
| 300 |
|
|
|a 198 pages ;
|c 21 cm.
|
| 336 |
|
|
|a text
|b txt
|2 rdacontent
|
| 337 |
|
|
|a unmediated
|b n
|2 rdamedia
|
| 338 |
|
|
|a volume
|b nc
|2 rdacarrier
|
| 490 |
1 |
|
|a Twayne's world authors series ;
|v TWAS 645
|a Greece
|
| 500 |
|
|
|a Includes index.
|
| 504 |
|
|
|a Bibliography: pages 186-187.
|
| 600 |
0 |
0 |
|a Herodotus.
|
| 600 |
0 |
0 |
|a Herodotus.
|t History.
|
| 650 |
|
0 |
|a History, Ancient.
|
| 651 |
|
0 |
|a Greece
|x History.
|
| 830 |
|
0 |
|a Twayne's world authors series ;
|v TWAS 645.
|
| 830 |
|
0 |
|a Twayne's world authors series.
|p Greece.
|
| 999 |
|
|
|a MARS
|
| 999 |
f |
f |
|s 5e3e17f0-0d94-34ee-8cec-696976add8c0
|i d403c367-8734-33ef-a49f-b56ce3959bb7
|t 0
|
| 952 |
f |
f |
|p ric
|a Texas A&M University
|b Rellis Campus
|c Joint Library Facility
|d Remote Storage
|t 0
|e D56.52.H45 E9 1982
|h Library of Congress classification
|i unmediated -- volume
|m A14806094444
|
| 998 |
f |
f |
|a D56.52.H45 E9 1982
|t 0
|l Remote Storage
|